000 00558nam a2200169 a 4500
005 20251121063920.0
008 991125s1934 mx 000 0 spa u
035 _aUPN01000001714
049 _aSEP
050 4 _aL227 M6
_bM6.2
110 1 _aMéxico.
_bSecretaría de Educación Pública
245 1 0 _aAlgunos datos y opiniones sobre la educación sexual en México /
_cSecretaría de Educación Pública.
260 _aMéxico :
_bTalleres Gráficos de la Nación,
_c1934.
300 _a68 p.
650 4 _aEducación sexual
_zMéxico
_916130
905 _aLibro
999 _c1714
_d1714